Direct Taxes (Record no. 3615)

MARC details
000 -LEADER
fixed length control field 00406nam a22001697a 4500
005 - DATE AND TIME OF LATEST TRANSACTION
control field 20180412110733.0
008 - FIXED-LENGTH DATA ELEMENTS--GENERAL INFORMATION
fixed length control field 160623b xxu||||| |||| 00| 0 eng d
020 ## - INTERNATIONAL STANDARD BOOK NUMBER
ISBN 978-81-7733-501-9
041 ## - LANGUAGE CODE
Language code of text/sound track or separate title eng
082 ## - DEWEY DECIMAL CLASSIFICATION NUMBER
Item number 9263
Classification number 346.04
100 ## - MAIN ENTRY--AUTHOR NAME
Personal name Ahuja, Dr Girish and Gupta Dr. Ravi
245 ## - TITLE STATEMENT
Title Direct Taxes
260 ## - PUBLICATION, DISTRIBUTION, ETC. (IMPRINT)
Name of publisher Bharat
Year of publication 2010
300 ## - PHYSICAL DESCRIPTION
Number of Pages 1520
650 ## - SUBJECT ADDED ENTRY--TOPICAL TERM
Topical Term Management
942 ## - ADDED ENTRY ELEMENTS (KOHA)
Koha item type Books
Holdings
Lost status Damaged status Collection code Home library Current library Shelving location Date acquired Full call number Accession Number Koha item type
    LAW JRU Library JRU Library SHELF-31-E 23/06/2016 346.04 9263 Books